|
|
|
|
| LEADER |
00844cam a2200229 7i4500 |
| 001 |
0000010477 |
| 005 |
20170218090000.0 |
| 008 |
100531 eng |
| 020 |
|
|
|a 0471374075 (hbk.)
|
| 020 |
|
|
|a 9780471374077
|
| 090 |
0 |
0 |
|a TA1632
|b .P85 2001
|
| 100 |
1 |
|
|a Pratt, William K
|
| 245 |
1 |
0 |
|a Digital image processing :
|b PIKS inside
|c William K. Pratt.
|
| 250 |
|
|
|a 3rd ed.
|
| 260 |
|
|
|a New York:
|b John Wiley & Sons, Inc,
|c 2001.
|
| 300 |
|
|
|a xix, 735 p.:
|b ill.;
|c 24 cm..
|
| 504 |
|
|
|a Includes bibliographical references and index
|
| 650 |
0 |
0 |
|a Image processing
|
| 650 |
0 |
0 |
|a Digital techniques
|
| 997 |
|
|
|a Communication, Visual Art & Computing, Faculty
|b Computing, Department
|
| 999 |
|
|
|a 0000014036
|b BOK
|c OPEN SHELF
|e 2nd Floor, Bestari Jaya
|
| 999 |
|
|
|a CDR0000223
|b CD-ROM
|c OPEN SHELF
|e Circulation Counter, Bestari Jaya
|